Five Most Populated States by Groups #2 - Statistics

General Stats
  • This quiz has been taken 88 times
  • The average score is 35 of 40
Answer Stats
Hint Answer % Correct
Drains into Pacific* Washington
99%
Drains into Pacific* California
97%
4+ Syllables California
97%
Voted the Same in 1892 and 2016** California
97%
Closer to Iceland than Israel is New York
93%
Voted the Same in 1892 and 2016** New York
93%
Judaism is 2nd Largest Religion New York
93%
One of the 13 Colonies New York
93%
Entirely North of 34th Parallel New York
93%
Drains into Pacific* Oregon
93%
4+ Syllables Pennsylvania
92%
Closer to Iceland than Israel is Pennsylvania
92%
Voted the Same in 1892 and 2016** Pennsylvania
92%
Judaism is 2nd Largest Religion Pennsylvania
92%
One of the 13 Colonies Pennsylvania
92%
Entirely North of 34th Parallel Pennsylvania
92%
Closer to Iceland than Israel is Illinois
86%
Voted the Same in 1892 and 2016** Illinois
86%
Entirely North of 34th Parallel Illinois
86%
4+ Syllables North Carolina
86%
One of the 13 Colonies North Carolina
86%
Closer to Iceland than Israel is Ohio
86%
Voted the Same in 1892 and 2016** Ohio
86%
Capital is Largest City Ohio
86%
Judaism is 2nd Largest Religion Ohio
86%
Entirely North of 34th Parallel Ohio
86%
Capital is Largest City Georgia
85%
One of the 13 Colonies Georgia
85%
Drains into Pacific* Arizona
84%
Capital is Largest City Arizona
84%
Judaism is 2nd Largest Religion New Jersey
84%
One of the 13 Colonies New Jersey
84%
Closer to Iceland than Israel is Michigan
82%
Entirely North of 34th Parallel Michigan
82%
4+ Syllables Massachusetts
78%
Capital is Largest City Massachusetts
78%
Judaism is 2nd Largest Religion Massachusetts
78%
Drains into Pacific* Colorado
76%
4+ Syllables Virginia
74%
Capital is Largest City Indiana
73%
No matching quizzes found
Score Distribution
Percent of People with Each Score
Percentile by Number Answered
Your Score History
You have not taken this quiz